[Event "Leili Parnpuu Memorial 2026"]
[Site "Pärnu, EE"]
[Date "2026.02.01"]
[Round "6"]
[White "Berzina, Ilze"]
[Black "Ter-Avetisjana, Agnesa Stepania"]
[Result "1/2-1/2"]
[Board "2"]
[WhiteFideId "11601345"]
[BlackFideId "11614900"]
[WhiteTitle "WGM"]
[BlackTitle "WIM"]
[WhiteElo "2080"]
[BlackElo "2188"]
[WhiteTeam "LAT"]
[BlackTeam "LAT"]
[WhiteClock "0:00:16"]
[BlackClock "0:00:11"]
[Variant "Standard"]

1. e4 {[%clk 0:15:05]}  c6 {[%clk 0:15:05]} 2. Nc3 {[%clk 0:15:04]}  d5 {[%clk 0:15:07]} 3. Nf3 {[%clk 0:15:05]}  Bg4 {[%clk 0:15:07]} 4. h3 {[%clk 0:15:05]}  Bxf3 {[%clk 0:15:08]} 5. Qxf3 {[%clk 0:15:06]}  e6 {[%clk 0:15:09]} 6. d4 {[%clk 0:14:50]}  Nf6 {[%clk 0:14:54]} 7. Be2 {[%clk 0:14:12]}  Be7 {[%clk 0:14:29]} 8. O-O {[%clk 0:14:05]}  O-O {[%clk 0:13:48]} 9. Be3 {[%clk 0:13:29]}  Nbd7 {[%clk 0:13:34]} 10. e5 {[%clk 0:13:10]}  Ne8 {[%clk 0:13:35]} 11. Nb1 {[%clk 0:12:46]}  f6 {[%clk 0:13:16]} 12. exf6 {[%clk 0:12:40]}  Bxf6 {[%clk 0:13:13]} 13. Qg4 {[%clk 0:12:34]}  e5 {[%clk 0:13:02]} 14. c4 {[%clk 0:12:21]}  Nc7 {[%clk 0:11:20]} 15. cxd5 {[%clk 0:11:59]}  Nxd5 {[%clk 0:11:01]} 16. Nc3 {[%clk 0:11:51]}  exd4 {[%clk 0:07:21]} 17. Nxd5 {[%clk 0:11:24]}  dxe3 {[%clk 0:07:04]} 18. Nxe3 {[%clk 0:11:17]}  Ne5 {[%clk 0:06:41]} 19. Qe6+ {[%clk 0:10:46]}  Kh8 {[%clk 0:06:43]} 20. Rad1 {[%clk 0:10:11]}  Qb6 {[%clk 0:06:42]} 21. b3 {[%clk 0:09:40]}  Rae8 {[%clk 0:06:10]} 22. Qd6 {[%clk 0:09:08]}  Ng6 {[%clk 0:04:50]} 23. Bh5 {[%clk 0:08:13]}  Be5 {[%clk 0:03:27]} 24. Qd7 {[%clk 0:07:42]}  Re7 {[%clk 0:00:54]} 25. Qd2 {[%clk 0:06:51]}  Nf4 {[%clk 0:00:27]} 26. Nc4 {[%clk 0:06:16]}  Qc7 {[%clk 0:00:29]} 27. Bg4 {[%clk 0:05:22]}  Bf6 {[%clk 0:00:29]} 28. Nd6 {[%clk 0:05:03]}  Nd5 {[%clk 0:00:28]} 29. Nf5 {[%clk 0:04:53]}  Ref7 {[%clk 0:00:25]} 30. Nd4 {[%clk 0:04:18]}  Bxd4 {[%clk 0:00:11]} 31. Qxd4 {[%clk 0:04:18]}  Rf4 {[%clk 0:00:13]} 32. Qc5 {[%clk 0:04:12]}  Qb6 {[%clk 0:00:06]} 33. Rc1 {[%clk 0:02:59]}  Qxc5 {[%clk 0:00:06]} 34. Rxc5 {[%clk 0:03:00]}  Rd4 {[%clk 0:00:06]} 35. Rc2 {[%clk 0:02:09]}  g6 {[%clk 0:00:08]} 36. Re1 {[%clk 0:01:59]}  Kg7 {[%clk 0:00:07]} 37. Bf3 {[%clk 0:01:57]}  Nf4 {[%clk 0:00:08]} 38. h4 {[%clk 0:01:13]}  Rf7 {[%clk 0:00:07]} 39. Be4 {[%clk 0:00:54]}  Re7 {[%clk 0:00:06]} 40. f3 {[%clk 0:00:55]}  Red7 {[%clk 0:00:04]} 41. Kf2 {[%clk 0:00:46]}  Nd5 {[%clk 0:00:04]} 42. Bxd5 {[%clk 0:00:40]}  R4xd5 {[%clk 0:00:05]} 43. g3 {[%clk 0:00:35]}  Rd2+ {[%clk 0:00:05]} 44. Re2 {[%clk 0:00:31]}  Rxc2 {[%clk 0:00:06]} 45. Rxc2 {[%clk 0:00:32]}  Kf6 {[%clk 0:00:07]} 46. Re2 {[%clk 0:00:29]}  Rd6 {[%clk 0:00:07]} 47. g4 {[%clk 0:00:24]}  c5 {[%clk 0:00:07]} 48. Rc2 {[%clk 0:00:24]}  b6 {[%clk 0:00:07]} 49. Re2 {[%clk 0:00:23]}  Rc6 {[%clk 0:00:05]} 50. Rd2 {[%clk 0:00:20]}  b5 {[%clk 0:00:01]} 51. Ke3 {[%clk 0:00:14]}  Re6+ {[%clk 0:00:06]} 52. Kf4 {[%clk 0:00:11]}  h6 {[%clk 0:00:06]} 53. Rd7 {[%clk 0:00:10]}  g5+ {[%clk 0:00:07]} 54. hxg5+ {[%clk 0:00:12]}  hxg5+ {[%clk 0:00:10]} 55. Kg3 {[%clk 0:00:14]}  Ra6 {[%clk 0:00:08]} 56. Rc7 {[%clk 0:00:13]}  Rxa2 {[%clk 0:00:06]} 57. Rxc5 {[%clk 0:00:15]}  a6 {[%clk 0:00:07]} 58. f4 {[%clk 0:00:12]}  gxf4+ {[%clk 0:00:05]} 59. Kxf4 {[%clk 0:00:14]}  Rf2+ {[%clk 0:00:06]} 60. Kg3 {[%clk 0:00:14]}  Rb2 {[%clk 0:00:06]} 61. Rc6+ {[%clk 0:00:14]}  Kg5 {[%clk 0:00:07]} 62. Rc5+ {[%clk 0:00:15]}  Kf6 {[%clk 0:00:09]} 63. Rc6+ {[%clk 0:00:17]}  Kg5 {[%clk 0:00:11]} 64. Rc5+ {[%clk 0:00:16]} 1/2-1/2

[Event "Leili Parnpuu Memorial 2026"]
[Site "Pärnu, EE"]
[Date "2026.02.01"]
[Round "6"]
[White "Olde, Grete"]
[Black "Haapsal, Maria Ioanna"]
[Result "1-0"]
[Board "3"]
[WhiteFideId "4503104"]
[BlackFideId "4512286"]
[WhiteTitle "WCM"]
[BlackTitle "WCM"]
[WhiteElo "2124"]
[BlackElo "1950"]
[WhiteTeam "EST"]
[BlackTeam "EST"]
[WhiteClock "0:07:11"]
[BlackClock "0:00:07"]
[Variant "Standard"]

1. e4 {[%clk 0:15:05]}  c5 {[%clk 0:15:05]} 2. c3 {[%clk 0:15:04]}  d5 {[%clk 0:15:01]} 3. exd5 {[%clk 0:15:05]}  Qxd5 {[%clk 0:15:03]} 4. d4 {[%clk 0:15:04]}  e6 {[%clk 0:15:01]} 5. Nf3 {[%clk 0:15:02]}  Nc6 {[%clk 0:15:03]} 6. Na3 {[%clk 0:14:31]}  Nf6 {[%clk 0:15:01]} 7. Be2 {[%clk 0:14:27]}  Be7 {[%clk 0:14:40]} 8. O-O {[%clk 0:14:03]}  O-O {[%clk 0:14:28]} 9. Nb5 {[%clk 0:13:47]}  Qd8 {[%clk 0:14:30]} 10. dxc5 {[%clk 0:13:09]}  Bxc5 {[%clk 0:14:23]} 11. Bg5 {[%clk 0:12:50]}  Qe7 {[%clk 0:14:00]} 12. Qc2 {[%clk 0:12:25]}  a6 {[%clk 0:13:55]} 13. Nbd4 {[%clk 0:12:24]}  Bd7 {[%clk 0:13:21]} 14. Rad1 {[%clk 0:12:12]}  Rfd8 {[%clk 0:08:27]} 15. Nb3 {[%clk 0:11:46]}  Bb6 {[%clk 0:07:39]} 16. Nbd2 {[%clk 0:11:40]}  Rac8 {[%clk 0:05:57]} 17. Ne4 {[%clk 0:11:16]}  Nb4 {[%clk 0:05:49]} 18. Qb3 {[%clk 0:10:51]}  Bc6 {[%clk 0:03:27]} 19. Nxf6+ {[%clk 0:09:59]}  gxf6 {[%clk 0:03:29]} 20. Bh6 {[%clk 0:09:31]}  Bxf3 {[%clk 0:02:07]} 21. Bxf3 {[%clk 0:09:23]}  Bxf2+ {[%clk 0:01:15]} 22. Rxf2 {[%clk 0:08:55]}  Nd3 {[%clk 0:01:17]} 23. Re2 {[%clk 0:08:10]}  b5 {[%clk 0:00:24]} 24. Qc2 {[%clk 0:07:29]}  Qc5+ {[%clk 0:00:14]} 25. Be3 {[%clk 0:07:27]}  Qf5 {[%clk 0:00:05]} 26. Red2 {[%clk 0:07:14]}  Nb4 {[%clk 0:00:04]} 27. Rxd8+ {[%clk 0:07:11]}  Kg7 {[%clk 0:00:07]} 28. Qxf5 {[%clk 0:07:11]} 1-0

[Event "Leili Parnpuu Memorial 2026"]
[Site "Pärnu, EE"]
[Date "2026.02.01"]
[Round "7"]
[White "Blokhin, Sofia"]
[Black "Olde, Grete"]
[Result "1-0"]
[Board "1"]
[WhiteFideId "4508190"]
[BlackFideId "4503104"]
[WhiteTitle "WFM"]
[BlackTitle "WCM"]
[WhiteElo "2013"]
[BlackElo "2124"]
[WhiteTeam "EST"]
[BlackTeam "EST"]
[WhiteClock "0:00:16"]
[BlackClock "0:00:14"]
[Variant "Standard"]

1. e4 {[%clk 0:15:04]}  e5 {[%clk 0:15:03]} 2. Nc3 {[%clk 0:15:05]}  Nf6 {[%clk 0:15:02]} 3. Bc4 {[%clk 0:15:06]}  Bc5 {[%clk 0:15:03]} 4. d3 {[%clk 0:15:07]}  d6 {[%clk 0:14:07]} 5. f4 {[%clk 0:15:04]}  Ng4 {[%clk 0:12:13]} 6. f5 {[%clk 0:14:19]}  Qh4+ {[%clk 0:11:24]} 7. g3 {[%clk 0:14:08]}  Bf2+ {[%clk 0:09:21]} 8. Kf1 {[%clk 0:12:22]}  Qh5 {[%clk 0:08:42]} 9. h3 {[%clk 0:10:46]}  Bxg1 {[%clk 0:07:28]} 10. Kxg1 {[%clk 0:09:14]}  Nf6 {[%clk 0:07:28]} 11. g4 {[%clk 0:06:57]}  Qh4 {[%clk 0:07:29]} 12. Kg2 {[%clk 0:06:20]}  g6 {[%clk 0:06:01]} 13. Qe1 {[%clk 0:05:07]}  Qxe1 {[%clk 0:05:55]} 14. Rxe1 {[%clk 0:05:08]}  gxf5 {[%clk 0:05:44]} 15. exf5 {[%clk 0:05:04]}  Rg8 {[%clk 0:05:06]} 16. Kh2 {[%clk 0:04:45]}  Nc6 {[%clk 0:04:07]} 17. Be3 {[%clk 0:04:08]}  Bd7 {[%clk 0:03:53]} 18. Nd5 {[%clk 0:03:44]}  Nxd5 {[%clk 0:03:40]} 19. Bxd5 {[%clk 0:03:45]}  Nb4 {[%clk 0:03:19]} 20. Bb3 {[%clk 0:03:26]}  Bc6 {[%clk 0:03:16]} 21. d4 {[%clk 0:03:00]}  e4 {[%clk 0:02:14]} 22. a3 {[%clk 0:02:37]}  Nd5 {[%clk 0:02:01]} 23. c4 {[%clk 0:02:34]}  Nf6 {[%clk 0:01:51]} 24. d5 {[%clk 0:02:29]}  Bd7 {[%clk 0:01:53]} 25. Bd4 {[%clk 0:02:22]}  Ke7 {[%clk 0:01:37]} 26. Bxf6+ {[%clk 0:02:21]}  Kxf6 {[%clk 0:01:39]} 27. Rxe4 {[%clk 0:02:22]}  b5 {[%clk 0:01:29]} 28. Rae1 {[%clk 0:02:12]}  Rab8 {[%clk 0:01:26]} 29. R1e2 {[%clk 0:01:52]}  h5 {[%clk 0:01:06]} 30. Kg3 {[%clk 0:01:36]}  hxg4 {[%clk 0:01:03]} 31. hxg4 {[%clk 0:01:33]}  bxc4 {[%clk 0:00:41]} 32. Bxc4 {[%clk 0:01:33]}  Ba4 {[%clk 0:00:40]} 33. b4 {[%clk 0:01:25]}  Rg5 {[%clk 0:00:32]} 34. Rh2 {[%clk 0:01:16]}  Rbg8 {[%clk 0:00:23]} 35. Rh6+ {[%clk 0:00:57]}  Kg7 {[%clk 0:00:25]} 36. Rh2 {[%clk 0:00:55]}  Kf8 {[%clk 0:00:25]} 37. f6 {[%clk 0:00:45]}  Bd1 {[%clk 0:00:20]} 38. Rh4 {[%clk 0:00:32]}  R5g6 {[%clk 0:00:12]} 39. Rf4 {[%clk 0:00:21]}  Ke8 {[%clk 0:00:12]} 40. Bb5+ {[%clk 0:00:21]}  Kd8 {[%clk 0:00:14]} 41. Bd3 {[%clk 0:00:16]}  Rg5 {[%clk 0:00:14]} 42. Bh7 {[%clk 0:00:14]}  Re8 {[%clk 0:00:15]} 43. Bf5 {[%clk 0:00:14]}  Re3+ {[%clk 0:00:14]} 44. Kf2 {[%clk 0:00:15]}  Rxa3 {[%clk 0:00:14]} 45. Rh8+ {[%clk 0:00:16]} 1-0

[Event "Leili Parnpuu Memorial 2026"]
[Site "Pärnu, EE"]
[Date "2026.02.01"]
[Round "7"]
[White "Ter-Avetisjana, Agnesa Stepania"]
[Black "Rudiger, Maria Helena"]
[Result "1-0"]
[Board "2"]
[WhiteFideId "11614900"]
[BlackFideId "4516087"]
[WhiteTitle "WIM"]
[WhiteElo "2188"]
[BlackElo "1603"]
[WhiteTeam "LAT"]
[BlackTeam "EST"]
[WhiteClock "0:00:22"]
[BlackClock "0:00:25"]
[Variant "Standard"]

1. e4 {[%clk 0:15:05]}  c5 {[%clk 0:15:05]} 2. Nf3 {[%clk 0:15:07]}  d6 {[%clk 0:15:07]} 3. Bb5+ {[%clk 0:15:08]}  Nd7 {[%clk 0:15:09]} 4. O-O {[%clk 0:15:10]}  a6 {[%clk 0:15:08]} 5. Bd3 {[%clk 0:15:11]}  Ngf6 {[%clk 0:15:07]} 6. c3 {[%clk 0:15:13]}  g6 {[%clk 0:15:01]} 7. Bc2 {[%clk 0:15:14]}  Bg7 {[%clk 0:15:04]} 8. d4 {[%clk 0:15:17]}  cxd4 {[%clk 0:14:59]} 9. cxd4 {[%clk 0:15:18]}  O-O {[%clk 0:15:00]} 10. Nc3 {[%clk 0:15:20]}  b5 {[%clk 0:14:48]} 11. a3 {[%clk 0:15:21]}  Bb7 {[%clk 0:14:49]} 12. Re1 {[%clk 0:15:22]}  Nb6 {[%clk 0:14:38]} 13. Bb3 {[%clk 0:15:09]}  Rc8 {[%clk 0:14:22]} 14. h3 {[%clk 0:15:03]}  Nc4 {[%clk 0:13:21]} 15. Qd3 {[%clk 0:14:35]}  d5 {[%clk 0:12:38]} 16. e5 {[%clk 0:13:50]}  Nd7 {[%clk 0:12:39]} 17. Re2 {[%clk 0:13:07]}  Re8 {[%clk 0:11:48]} 18. Rc2 {[%clk 0:12:33]}  Nf8 {[%clk 0:10:11]} 19. Be3 {[%clk 0:12:24]}  Ne6 {[%clk 0:10:08]} 20. Rac1 {[%clk 0:12:15]}  f6 {[%clk 0:09:06]} 21. exf6 {[%clk 0:10:25]}  exf6 {[%clk 0:08:48]} 22. a4 {[%clk 0:10:10]}  Nxe3 {[%clk 0:07:40]} 23. fxe3 {[%clk 0:10:01]}  b4 {[%clk 0:07:40]} 24. Nd1 {[%clk 0:09:40]}  Rxc2 {[%clk 0:07:23]} 25. Rxc2 {[%clk 0:09:34]}  Qd6 {[%clk 0:06:02]} 26. Qd2 {[%clk 0:07:13]}  Kh8 {[%clk 0:05:50]} 27. Rc1 {[%clk 0:06:34]}  a5 {[%clk 0:05:36]} 28. Bc2 {[%clk 0:05:53]}  Rc8 {[%clk 0:05:23]} 29. Bd3 {[%clk 0:05:22]}  Bh6 {[%clk 0:04:38]} 30. Bb5 {[%clk 0:05:09]}  Rxc1 {[%clk 0:03:49]} 31. Qxc1 {[%clk 0:05:10]}  Qc7 {[%clk 0:03:49]} 32. Qxc7 {[%clk 0:04:31]}  Nxc7 {[%clk 0:03:51]} 33. Bd7 {[%clk 0:04:32]}  Kg7 {[%clk 0:03:31]} 34. Nd2 {[%clk 0:03:15]}  Na8 {[%clk 0:03:22]} 35. Nb3 {[%clk 0:03:05]}  Nb6 {[%clk 0:02:58]} 36. Bb5 {[%clk 0:03:06]}  Nc4 {[%clk 0:02:21]} 37. Kf2 {[%clk 0:02:44]}  Kf7 {[%clk 0:01:55]} 38. Ke2 {[%clk 0:02:35]}  Bc8 {[%clk 0:01:38]} 39. Bxc4 {[%clk 0:01:47]}  dxc4 {[%clk 0:01:38]} 40. Nxa5 {[%clk 0:01:49]}  Ba6 {[%clk 0:00:53]} 41. Kd2 {[%clk 0:01:49]}  Ke6 {[%clk 0:00:49]} 42. Nc6 {[%clk 0:00:18]}  Bf8 {[%clk 0:00:35]} 43. e4 {[%clk 0:00:20]}  Bb7 {[%clk 0:00:25]} 44. Nd8+ {[%clk 0:00:22]} 1-0

[Event "Leili Parnpuu Memorial 2026"]
[Site "Pärnu, EE"]
[Date "2026.02.01"]
[Round "7"]
[White "Shadrina, Eva"]
[Black "Olde, Margareth"]
[Result "0-1"]
[Board "3"]
[WhiteFideId "4510623"]
[BlackFideId "4503082"]
[WhiteTitle "WCM"]
[BlackTitle "WIM"]
[WhiteElo "1768"]
[BlackElo "2080"]
[WhiteTeam "EST"]
[BlackTeam "EST"]
[WhiteClock "0:01:57"]
[BlackClock "0:06:31"]
[Variant "Standard"]

1. e4 {[%clk 0:15:05]}  d6 {[%clk 0:15:06]} 2. d4 {[%clk 0:14:58]}  Nf6 {[%clk 0:15:08]} 3. Nc3 {[%clk 0:14:58]}  e5 {[%clk 0:15:09]} 4. Nf3 {[%clk 0:14:29]}  Nbd7 {[%clk 0:15:11]} 5. Bc4 {[%clk 0:14:17]}  Be7 {[%clk 0:15:13]} 6. O-O {[%clk 0:14:07]}  O-O {[%clk 0:15:14]} 7. h3 {[%clk 0:13:41]}  c6 {[%clk 0:15:15]} 8. d5 {[%clk 0:13:17]}  Nb6 {[%clk 0:15:05]} 9. Bb3 {[%clk 0:13:10]}  cxd5 {[%clk 0:15:03]} 10. Bxd5 {[%clk 0:12:22]}  Nbxd5 {[%clk 0:15:04]} 11. exd5 {[%clk 0:11:42]}  Nd7 {[%clk 0:15:00]} 12. Ne2 {[%clk 0:11:13]}  f5 {[%clk 0:14:50]} 13. c4 {[%clk 0:11:08]}  a5 {[%clk 0:14:23]} 14. Bd2 {[%clk 0:11:01]}  Nc5 {[%clk 0:14:21]} 15. b4 {[%clk 0:10:55]}  Ne4 {[%clk 0:12:47]} 16. a3 {[%clk 0:10:06]}  Bf6 {[%clk 0:12:16]} 17. Rc1 {[%clk 0:09:58]}  f4 {[%clk 0:11:43]} 18. Nc3 {[%clk 0:09:24]}  Nxc3 {[%clk 0:10:54]} 19. Bxc3 {[%clk 0:09:15]}  e4 {[%clk 0:10:10]} 20. Bxf6 {[%clk 0:08:49]}  Qxf6 {[%clk 0:10:09]} 21. Nd2 {[%clk 0:08:04]}  Qg6 {[%clk 0:09:55]} 22. Kh2 {[%clk 0:07:50]}  axb4 {[%clk 0:09:15]} 23. axb4 {[%clk 0:07:47]}  Ra2 {[%clk 0:09:07]} 24. Ra1 {[%clk 0:07:01]}  Rxa1 {[%clk 0:08:43]} 25. Qxa1 {[%clk 0:07:02]}  f3 {[%clk 0:07:56]} 26. g4 {[%clk 0:05:45]}  Qh6 {[%clk 0:06:59]} 27. Nxe4 {[%clk 0:04:43]}  Bxg4 {[%clk 0:06:53]} 28. Ng5 {[%clk 0:02:36]}  Qxg5 {[%clk 0:06:55]} 29. Rg1 {[%clk 0:02:21]}  Qf4+ {[%clk 0:06:35]} 30. Kh1 {[%clk 0:01:57]}  Qh6 {[%clk 0:06:31]} 0-1